01077nam a2200217 i 450000100060000000300090000600500170001500700030003200800410003508000150007610000230009124500630011426000490017730000830022650502900030953000350059965000280063485200250066285600860068785600860077345813ES-MaACL20250816050159.0t|030327m18921897fr ||||1| fre d a73.032(38)1 aCollignon, Maxime.10aHistoire de la sculpture grecque / cpar Maxime Collignon. aParis : bFirmin Didot et Cie., c1892-1897. a2 v. (569 p., [11] h. de lám. ; 715 p., [12] h. de lám.) : bil. ;c29 cm.8 aContiene: I. Les origenes . Les primitifs . L'archaïsme avancé . L'époque des grands maîtres du cinquième siècle -- II. L'influence des grand maîtres du cinquième siècle . Le quatrième siècle . L'époque hellénistique . L'art grec après la conquête romaine aDisponible en formato digital. 7aEscultura griega2embne4 aES-MaACLjB-11467-684 uhttps://archive.org/details/histoiredelascul01colluoft zInternet Archivez(V. 1)4 uhttps://archive.org/details/histoiredelascul02colluoft zInternet Archivez(V. 2)